00429nam a2200157Ia 4500008004100000020001800041082001600059100002000075245007200095250000900167260002500176300001300201500002500214650001500239700001700254230524s9999 xx 000 0 und d a9780071068130 a201.73bLAW aAnne T.Lawrence 0a"Business & Society: Stakeholders, Ethics, Public Policy, 12th ed." a12TH aNEW DELHIbTMHc2010 aXIII;570 aQuantity Number: 15 aManagement a James Weber